| 000 | 01328cam a22003615a 4500 | ||
|---|---|---|---|
| 001 | 17588152 | ||
| 005 | 20161015134249.0 | ||
| 008 | 130111s2013 enk frb 001 0 eng d | ||
| 010 | _a 2012049016 | ||
| 020 | _a9780415661904 (hbk : alk. paper) | ||
| 020 | _a9780415661911 (pbk : alk. paper) | ||
| 040 |
_aDLC _beng _cDLC _dDLC _dEG-ScBUE |
||
| 082 | 0 | 4 |
_a325.303 _bASH _222 |
| 100 | 1 |
_aAshcroft, Bill, _d1946- _937057 |
|
| 245 | 1 | 0 |
_aPostcolonial studies : _bthe key concepts / _cBill Ashcroft, Gareth Griffiths and Helen Tiffin. |
| 246 | 3 | 3 | _aKey concepts in post-colonial studies |
| 250 | _a3rd ed. | ||
| 260 |
_aAbingdon : _bRoutledge, Taylor & Francis Group, _c2013. |
||
| 300 |
_axii, 355 p. ; _c22 cm. |
||
| 490 | 0 | _aRoutledge Key Guides | |
| 500 | _aPrevious ed. published under title: Key concepts in post-colonial studies. | ||
| 504 | _aIncludes bibliographical references (pages 286-341) and index. | ||
| 650 | 0 |
_aColonies _vDictionaries. _2BUEsh |
|
| 650 | 0 |
_aDecolonization _vDictionaries. _2BUEsh |
|
| 650 | 0 |
_aPostcolonialism _vDictionaries. _2BUEsh |
|
| 650 | 0 |
_aEthnic attitudes _vDictionaries. _2BUEsh |
|
| 650 | 0 |
_aRace relations _vDictionaries. _2BUEsh |
|
| 651 | _2BUEsh | ||
| 653 |
_bHHUUEENN _cOctober2016 |
||
| 700 | 1 |
_aGriffiths, Gareth, _d1943- |
|
| 700 | 1 | _aTiffin, Helen. | |
| 942 | _2ddc | ||
| 999 |
_c22584 _d22556 |
||